| 000 | 00567nmm a2200193Ia 4500 | ||
|---|---|---|---|
| 008 | 251105s9999||||xx |||||||||||||||||und|| | ||
| 020 | _a9788433973511 | ||
| 041 | _aspa | ||
| 100 | _aZulaika Goicoechea, Jesús | ||
| 245 | 0 | _aLa interpretación del asesinato | |
| 264 |
_a[Madrid, España] : _bEditorial Anagrama, _c2010 |
||
| 300 | _a544 páginas | ||
| 490 | _aCompactos | ||
| 650 | _aNorth American narrative | ||
| 700 | _aZulaika Goicoechea, Jesús | ||
| 700 | 1 | _a Rubenfeld, Jed | |
| 856 | _uhttps://public.digitaliapublishing.com/a/33038 | ||
| 942 | _cCF | ||
| 999 |
_c72834 _d72834 |
||